000 00205 a2200097 4500
001 40859
100 _aNasir Na
245 _aFalsafa-e-Salaat
260 _aKarachi
_bFeroze sons
_c
090 _c25120
_d25120
942 _aNUST-CAE
_cM
_c16804
999 _c275932
_d275932